01220nam a22002417a 450000500170000000800410001702000180005804000250007604100080010108200180010910000210012724500900014826002980023830000330053649000320056950400680060165000860066965000340075565000750078965000300086465000610089470000230095520150508102058.0111014s2014 io a gr 00010 spa d a9786021504352 aCO-BoIAVHcCO-BoIAVH0 aspa04a577.309bM97r1 aMurcia, Carolina13aLa restauración ecológica en Colombia : btendencias, necesidades y oportunidades aBogor, Indonesia:bUniversidad Nacional de Colombia. Facultad de Ciencias Departamento de Biología;bAlcadía Mayor de Bogotá. Secretaría Distrital de Ambiente ;bEmpresa de Acueducto y Alcantarillado de Bogotá ;bCentro para la Investigación Forestal Internacional - CIFOR, c2014. a86 p. : bgráficasc28 cm. aDocumentos ocasionalesv107 aIncluye referencias bibliográficas (pag. 53-56) y apéndices 4aEcología de páramosz Embalse de Chisacá (Cundinamarca, Colombia)yColombia aEcología forestalzColombia aEcología de embalsesz Embalse de Chisacá (Cundinamarca, Colombia) aReforestaciónzColombia 4aSemillasz Embalse de Chisacá (Cundinamarca, Colombia)1 aGuariguata, Manuel